| 000 | 00693nam a2200217 i 4500 | ||
|---|---|---|---|
| 001 | 149523 | ||
| 003 | ES-MaACL | ||
| 005 | 20230906203135.0 | ||
| 007 | t| | ||
| 008 | 071023s1965 sp ||||1| spa d | ||
| 080 | _a821.134.2-31"19" | ||
| 100 | 1 |
_aVázquez Azpiri, Héctor. _9113395 |
|
| 245 | 1 | 3 |
_aLa navaja / _cHéctor Vázquez Azpiri. |
| 260 |
_a[Madrid] : _bLNP, _c1965. |
||
| 300 |
_a106 p. ; _c17 cm. |
||
| 490 | 1 |
_aLa novela popular. Contemporánea, inédita, española ; _v6 |
|
| 830 | 0 |
_aLa novela popular. Contemporánea, inédita, española ; _v6 _9188024 |
|
| 852 |
_aES-MaACL _jE-2514 _bR.56483 |
||
| 852 |
_aES-MaACL _jE-14554 _xOlim P-213-Ter |
||
| 999 |
_c149523 _d149523 |
||